| 000 | 00551cam a2200181u 4500 | ||
|---|---|---|---|
| 001 | 000018926 | ||
| 005 | 20200929165902.0 | ||
| 008 | 830302s1952 nyua j 000 0 eng | ||
| 010 | _a52007222 | ||
| 040 |
_aDO-SdBNP _cCarP _dDLC |
||
| 050 | 0 | 0 |
_aPZ7.D36 _bRo28 |
| 100 | 1 |
_aDefoe, Daniel, _d1661?-1731. _940733 |
|
| 245 | 1 | 0 | _aRobinson Crusoe,. |
| 260 |
_aNew York, : _bRandom House, _cc1952. |
||
| 300 | _aunpaged. illus. 29 cm. | ||
| 650 | 0 |
_aCrusoe, robinson (fictitious character) _vJuvenile fiction. _940734 |
|
| 910 | _aCatalogación derivada / LC | ||
| 999 |
_c18444 _d18444 |
||